| 000 | 00700cam a22002293a 4500 | ||
|---|---|---|---|
| 001 | 4675 | ||
| 003 | PGUSA | ||
| 005 | 20140828083103.0 | ||
| 008 | 031101s2003||||xxu|||||s|||||000 1 eng d | ||
| 040 |
_aPGUSA _beng |
||
| 042 | _adc | ||
| 050 | 4 | _aPS | |
| 100 | 1 |
_aBallou, Maturin Murray, _d1820-1895 |
|
| 245 | 1 | 4 |
_aThe Sea-Witch; Or, The African Quadroon : _bA Story of the Slave Coast _h[electronic resource] / _cMaturin Murray Ballou |
| 260 |
_bProject Gutenberg, _c2003 |
||
| 506 | _aPublic domain in the USA. | ||
| 516 | _aElectronic text | ||
| 653 | _aSlave trade -- Africa -- Fiction | ||
| 830 | 0 |
_aProject Gutenberg _v4675 |
|
| 856 | 4 | 0 | _uhttp://www.gutenberg.org/ebooks/4675 |
| 942 | _cEB | ||
| 999 |
_c234004 _d234004 |
||